| 000 | 01496cam a2200421 a 4500 | ||
|---|---|---|---|
| 001 | 1823 | ||
| 003 | FISKH | ||
| 005 | 20231004094300.0 | ||
| 008 | 020916s2003 nyua b 001 0beng | ||
| 010 | _a 2002015155 | ||
| 020 | _a0516228595 | ||
| 040 |
_aDLC _cDLC _dDLC _beng |
||
| 042 | _alcac | ||
| 043 | _an-us-va | ||
| 050 | 0 | 0 |
_aE99.P85 _bP5756 2003 |
| 082 | 0 | 0 |
_a975.5/01/092 _aB _221 |
| 100 | 1 | _aPolette, Nancy. | |
| 245 | 1 | 0 |
_aPocahontas / _cby Nancy Polette. |
| 260 |
_aNew York : _bScholastic, _c2003. |
||
| 300 |
_a31 pages : _bcolor illustrations ; _c19 cm. |
||
| 490 | 1 | _aRookie biographies | |
| 505 | _aK | ||
| 520 | _aAn introduction to the life of the young seventeenth-century Indian woman who befriended Captain John Smith and the English settlers of Jamestown. | ||
| 521 | 8 |
_a510
_bLexile |
|
| 521 | 8 |
_aK
_bRaz-Plus |
|
| 600 | 0 | 0 |
_aPocahontas, _d-1617 _vJuvenile literature. |
| 600 | 0 | 1 |
_aPocahontas, _d-1617. |
| 650 | 0 |
_aPowhatan Indians _vBiography _vJuvenile literature. |
|
| 650 | 1 |
_aPowhatan Indians _vBiography. |
|
| 650 | 1 |
_aIndians of North America _zVirginia _vBiography. |
|
| 650 | 1 |
_aWomen _vBiography. |
|
| 651 | 0 |
_aJamestown (Va.) _xHistory _vJuvenile literature. |
|
| 651 | 1 |
_aJamestown (Va.) _xHistory. |
|
| 830 | 0 | _aRookie biography. | |
| 906 |
_a7 _bcbc _corignew _d1 _eecip _f20 _gy-gencatlg |
||
| 942 |
_2ddc _cBK _n0 |
||
| 999 |
_c1823 _d1823 |
||